Asistence při nehodě v zahraničí
Programy poisťovní a efektívna pomoc klientom pri haváriách vozidiel v zahraničí. Asistenčné programy a základné poistenie automobilov. Nadštandardné programy a formy pripoistenia. Sezónne vplyvy nehôd a zásahy v zahraničí. Právne a administratívne služby v oblasti poistenia motorových vozidiel.
Salvato in:
| Autore principale: | |
|---|---|
| Natura: | Capitolo di libro |
| Lingua: | ceco |
| Soggetti: | |
| Tags: |
Nessun Tag, puoi essere il primo ad aggiungerne!!
|
MARC
| LEADER | 00000naa$a2200000$$$4500 | ||
|---|---|---|---|
| 001 | 0106552 | ||
| 005 | 20231010082034.9 | ||
| 041 | 0 | |a cze | |
| 044 | |a CZ | ||
| 245 | 1 | 0 | |a Asistence při nehodě v zahraničí |c Vladimír Fuchs |
| 520 | |a Programy poisťovní a efektívna pomoc klientom pri haváriách vozidiel v zahraničí. Asistenčné programy a základné poistenie automobilov. Nadštandardné programy a formy pripoistenia. Sezónne vplyvy nehôd a zásahy v zahraničí. Právne a administratívne služby v oblasti poistenia motorových vozidiel. | ||
| 610 | 2 | 0 | |a Česko |
| 610 | 2 | 0 | |a poisťovne |
| 610 | 2 | 0 | |a poistenie havarijné |
| 610 | 2 | 0 | |a poistenie vozidiel motorových |
| 610 | 2 | 0 | |a nehody dopravné |
| 610 | 2 | 0 | |a pripoistenie |
| 100 | 1 | |a Fuchs, Vladimír | |